Acerca de Roderer /

Guardado en:
Autor Principal: Martínez, Guillermo
Formato: Libro
Publicado: CABA : Booket, 2019.
Materias:
Etiquetas: Agregar Etiqueta
Sin Etiquetas, Sea el primero en etiquetar este registro!
LEADER 00561nam a22001815a 4500
001 EHU.bham050663
008 220531s2019####sp############000#0#####d
005 20220531100655.0
245 1 0 |a Acerca de Roderer /  |c Guillermo Martínez. 
260 |a CABA :  |b Booket,  |c 2019. 
300 |a 117 p. 
020 |a 9789875809987 
100 1 |a Martínez, Guillermo 
082 A 8 |a A863.5 M366-4 
653 |a Literatura argentina-2000- 
653 |a Novela argentina-2000- 
653 |a Narrativa argentina contemporánea 
859 |a AR-BHAM  |b BIB. HUMANIDADES - General  |h A863.5  |i M366-4  |p 180.22